Estatísticas para Capitais da África

Clique aqui para jogar o quiz

Estatísticas Gerais

  • Esse quiz foi jogado 6 152 vezes
    (5 674 desde o último reset)
  • A pontuação média é 32 de 57

Estatísticas das Respostas

PaísCapital% Correto
EgitoCairo
92%
AngolaLuanda
92%
ArgéliaArgel
85%
África do Sul (executiva)Pretória
83%
África do Sul (legislativa)Cidade do Cabo
81%
Cabo VerdePraia
79%
TunísiaTunes
75%
QuêniaNairóbi
75%
MoçambiqueMaputo
73%
MarrocosRabat
73%
Guiné-BissauBissau
72%
DjiboutiDjibouti
72%
LíbiaTrípoli
71%
SenegalDakar
70%
EtiópiaAdis Abeba
67%
São Tomé e PríncipeSão Tomé
66%
MadagáscarAntananarivo
64%
GanaAccra
63%
NigériaAbuja
60%
CamarõesYaoundé
59%
Rep. do CongoBrazzaville
59%
SudãoCartum
58%
GabãoLibreville
57%
Benim (constitucional)Porto-Novo
57%
Serra LeoaFreetown
57%
Sudão do SulJuba
55%
SeychellesVictoria
54%
BotswanaGaborone
54%
Rep. Dem. do CongoKinshasa
54%
TogoLomé
53%
SomáliaMogadíscio
53%
ZimbábueHarare
53%
EritreiaAsmara
51%
UgandaKampala
51%
RuandaKigali
49%
LibériaMonróvia
49%
GuinéConacri
48%
ZâmbiaLusaka
47%
Burkina FasoOuagadougou
47%
ChadeN'Djamena
45%
GâmbiaBanjul
45%
Rep. Centro-AfricanaBangui
45%
TanzâniaDodoma
45%
ComoresMoroni
45%
MauríciaPort Louis
44%
MaliBamako
43%
Costa do MarfimYamoussoukro
43%
NígerNiamey
43%
NamíbiaWindhoek
43%
LesotoMaseru
42%
Guiné EquatorialMalabo
42%
África do Sul (judiciária)Bloemfontein
40%
MalawiLilongwe
39%
BurundiGitega
39%
SuazilândiaMbabane
36%
MauritâniaNouakchott
34%
Benim (sede do governo)Cotonou
31%

Distribuição das Pontuações

Percentil de Números Respondidos

Porcentagem de Pessoas com Cada Pontuação

Sua Pontuação Histórica

Você não jogou esse quiz desde o último reset